00759nam a2200241 a 4500001001300000003000900013005001700022008004100039020002300080082001700103100002400120245004800144260004900192300000900241500003500250505001700285650002900302700002400331902000800355942000700363952013000370999001700500nice12345678IN_TiNIC20260116013712.0050524s1993 alba grp 000 0 eng  a0791442 c44100a200.904bNIE aNielsen, Niels C Jr aFundamentalism, Mythos, and World Religions aAlbany bState University of New York c1993 a186p aincludes index and biblioraphy2 aIndex, Notes aReligious Fundamentalism1 aNielsen, Niels C Jr bSRS cBK 001040708StackRoom-aHMIbHMId2007-07-31g441.00l2o200.904 NIEp017644r2024-02-27s2024-02-16v441.00w2005-05-24yBK c12048d12048